| 000 | 00553nam a22001697a 4500 | ||
|---|---|---|---|
| 003 | UA-OsUOA | ||
| 001 | 8152 | ||
| 007 | ta | ||
| 008 | 20040810b un ||||| |||| 00| 0 ukr d | ||
| 942 | _cSA | ||
| 040 |
_aUA-OsUOA _cUA-OsUOA _dUA-OsUOA |
||
| 245 |
_aРоки неспокою і звершень _b[Голові Рівнен. облдержадміністрації М.Сороці - 50 р.] |
||
| 300 | _aС.2 | ||
| 955 | _a0 | ||
| 773 | 0 |
_w0 _tВільне слово _dРівне _d2004 _g№57/4 серп./ |
|
| 650 | 7 |
_aВиконавча влада _2UDC |
|
| 999 |
_c294313 _d294313 |
||